00853nam a2200229 a 450000100100000000500170001000800410002702000110006804000250007908200170010410000350012124500930015626000490024930000190029850000430031750000220036050000370038250400310041970000410045095201150049199900170060600003545220200930074343.0111004s2005 dr 000 0 spa d z416049 aDO-SdBNPbspacBNPHU axxxxxbC257f1 aCaraballo, JosécLic.96129410aFundamentos de contabilidad general /cJosé Caraballo, asesor técnico Víctor Naut. aSanto Domingo :bEdiciones Unicaribe,c2005. av. : ;c24 cm. aIncluye datos biografícos del autor. aIncluye glosario. aLa biblioteca posee el volumen I aBibliografía: p. 165-16712aNaut, VíctorcLic.easesor.961295 0010718PDaPDbPDcHDd2011-10-31iLF1l0oxxxxx C257fp35452-10r2020-06-25w2020-06-25yLFPDZNo se presta c34943d34943